Davidson and Passmore Human nutrition and dietetics / (Record no. 12226)
[ view plain ]
| 000 -LEADER | |
|---|---|
| fixed length control field | 01332cam a2200397 a 4500 |
| 001 - CONTROL NUMBER | |
| control field | 12226 |
| 003 - CONTROL NUMBER IDENTIFIER | |
| rucl marc code | BD-RjUL |
| 005 - DATE AND TIME OF LATEST TRANSACTION | |
| control field | 20211208235246.0 |
| 008 - FIXED-LENGTH DATA ELEMENTS--GENERAL INFORMATION | |
| fixed length control field | 140128s1986 stka b 001 0 eng c |
| 020 ## - INTERNATIONAL STANDARD BOOK NUMBER | |
| International Standard Book Number | 0443024863 |
| International Standard Book Number | 0443024677 (pbk.) |
| 035 ## - SYSTEM CONTROL NUMBER | |
| System control number | (BD-RjUL)12275 |
| 040 ## - CATALOGING SOURCE | |
| Original cataloging agency | DNLM/DLC |
| Transcribing agency | DLC |
| Modifying agency | BD-RjUL |
| Language of cataloging | eng |
| 041 ## - LANGUAGE CODE | |
| Language code of text/sound track or separate title | eng |
| 060 ## - NATIONAL LIBRARY OF MEDICINE CALL NUMBER | |
| Classification number | WB 400 D252h |
| 082 00 - DEWEY DECIMAL CLASSIFICATION NUMBER | |
| Classification number | 613.2 |
| Edition number | 19 |
| Author mark and year | DAD 1986 |
| 100 1# - MAIN ENTRY--PERSONAL NAME | |
| Personal name | Davidson, Stanley, |
| Dates associated with a name | 1894-1981. |
| 9 (RLIN) | 37756 |
| 245 10 - TITLE STATEMENT | |
| Title | Davidson and Passmore Human nutrition and dietetics / |
| Statement of responsibility, etc. | R. Passmore and M. A. Eastwood. |
| 250 ## - EDITION STATEMENT | |
| Edition statement | 8th ed. / |
| 260 ## - PUBLICATION, DISTRIBUTION, ETC. (IMPRINT) | |
| Place of publication, distribution, etc. | Edinburgh ; |
| -- | New York : |
| Name of publisher, distributor, etc. | Churchill Livingstone, |
| Date of publication, distribution, etc. | c1986. |
| 300 ## - PHYSICAL DESCRIPTION | |
| Pagination | 666 p. : |
| Illustrations | ill. ; |
| Size | 26 cm. |
| 500 ## - GENERAL NOTE | |
| General note | Rev. ed. of: Human nutrition and dietetics / Stanley Davidson ... [et al.]. 7th ed. 1979. |
| 504 ## - BIBLIOGRAPHY, ETC. NOTE | |
| Bibliography, etc | Includes bibliographies and index. |
| 650 #0 - SUBJECT ADDED ENTRY--TOPICAL TERM | |
| Topical term or geographic name as entry element | Nutrition disorders. |
| 9 (RLIN) | 37931 |
| Topical term or geographic name as entry element | Diet therapy. |
| 9 (RLIN) | 37932 |
| Topical term or geographic name as entry element | Nutrition. |
| 9 (RLIN) | 37933 |
| Topical term or geographic name as entry element | Diet Therapy. |
| 9 (RLIN) | 37934 |
| Topical term or geographic name as entry element | Nutrition Disorders. |
| 9 (RLIN) | 37935 |
| 700 1# - ADDED ENTRY--PERSONAL NAME | |
| Personal name | Passmore, R. |
| Fuller form of name | (Reginald) |
| Personal name | Eastwood, M. A. |
| Fuller form of name | (Martin A.) |
| 942 ## - ADDED ENTRY ELEMENTS (KOHA) | |
| Source of classification or shelving scheme | Dewey Decimal Classification |
| Koha item type | Books |
| Lost status | Source of classification or shelving scheme | Damaged status | Not for loan | Collection code | Permanent Location | Current Location | Shelving location | Date acquired | Source of acquisition | Cost, normal purchase price | Total Checkouts | Full call number | Date last seen | Copy number | Koha item type |
|---|---|---|---|---|---|---|---|---|---|---|---|---|---|---|---|
| Dewey Decimal Classification | Non-fiction | Central Library, University of Rajshahi | Central Library, University of Rajshahi | 05/02/1990 | Abacus London | 37.50 | 613.2 DAD 1986 | 28/01/2014 | C-2 | Books | |||||
| Dewey Decimal Classification | Not For Loan | Non-fiction | Central Library, University of Rajshahi | Central Library, University of Rajshahi | Reading Room | 05/02/1990 | Abacus Book | 37.50 | 613.2 DAD 1986 | 29/03/2017 | C-1 | Books |